00567nam a2200169 4500008004100000020001800041082001800059100002200077245006400099260003700163300003400200650001600234700002700250942000700277952009800284999001500382231222b |||||||| |||| 00| 0 eng d a9789555335300 a616.9362bFER aFernando, Punsiri a100 years of Malaria control efforts in Sri Lanka 1911-2011 a[n.s.]:b[M&S associates],c2011 a123 p.bBibliography included aMALARIOLOGY aWarusavithana, Supriya cRP 00102ddc4070aMAINbMAINd2023-12-22l0o616.9362 FERpRAF4602r2023-12-22w2023-12-22yRP c4545d4545